| 000 | 00383nam a2200145Ia 4500 | ||
|---|---|---|---|
| 008 | 230718s9999 xx 000 0 und d | ||
| 041 | _aeng | ||
| 082 |
_a704 _bDHA |
||
| 100 |
_aDharker A. Ed. _9146344 |
||
| 245 | _aIcons Men And Women Who Sharped Todays India | ||
| 260 | _bLotus | ||
| 365 |
_cRs. _b395.00 |
||
| 700 |
_aDharker A. Ed. _9146344 |
||
| 906 |
_dB:361429-Feb-2008 _cOTH |
||
| 999 |
_c318481 _d318481 |
||